00668nam a2200229 a 4500001001300000003000900013005001700022008004100039020001000080082001500090100002100105245002200126260004200148300000900190500003500199650002100234700002100255902000800276942000700284952013000291999001700421nice12345678IN_TiNIC20260116015344.0100421s1970 lona grp 000 0 eng  ac10000a227.8bCAL aCaldwell, Taylor aGreat Lion of God aLondon bCollins Fontana Books c1970 a669p aincludes index and biblioraphy aPauline Epistles1 aCaldwell, Taylor bSRS cBK 001040708StackRoom-aHMIbHMId2010-04-27g100.00l1o227.8 CALp11002165r2022-12-09s2022-10-28v100.00w2010-04-21yBK c19362d19362